<?xml version="1.0" encoding="UTF-8"?><?xml-stylesheet type="text/xsl" href="static/style.xsl"?><OAI-PMH xmlns="http://www.openarchives.org/OAI/2.0/" xmlns:xsi="http://www.w3.org/2001/XMLSchema-instance" xsi:schemaLocation="http://www.openarchives.org/OAI/2.0/ http://www.openarchives.org/OAI/2.0/OAI-PMH.xsd"><responseDate>2026-04-14T03:03:41Z</responseDate><request verb="GetRecord" identifier="oai:www.recercat.cat:20.500.12327/4759" metadataPrefix="marc">https://recercat.cat/oai/request</request><GetRecord><record><header><identifier>oai:recercat.cat:20.500.12327/4759</identifier><datestamp>2025-10-22T11:19:19Z</datestamp><setSpec>com_2072_4428</setSpec><setSpec>com_2072_4427</setSpec><setSpec>col_2072_487898</setSpec></header><metadata><record xmlns="http://www.loc.gov/MARC21/slim" xmlns:dcterms="http://purl.org/dc/terms/" xmlns:xsi="http://www.w3.org/2001/XMLSchema-instance" xmlns:doc="http://www.lyncode.com/xoai" xsi:schemaLocation="http://www.loc.gov/MARC21/slim http://www.loc.gov/standards/marcxml/schema/MARC21slim.xsd">
   <leader>00925njm 22002777a 4500</leader>
   <datafield ind2=" " ind1=" " tag="042">
      <subfield code="a">dc</subfield>
   </datafield>
   <datafield ind2=" " ind1=" " tag="720">
      <subfield code="a">Ng'ang'a, Zacharia Waithaka</subfield>
      <subfield code="e">author</subfield>
   </datafield>
   <datafield ind2=" " ind1=" " tag="720">
      <subfield code="a">Tous, Núria</subfield>
      <subfield code="e">author</subfield>
   </datafield>
   <datafield ind2=" " ind1=" " tag="720">
      <subfield code="a">Hussain, Muzahir</subfield>
      <subfield code="e">author</subfield>
   </datafield>
   <datafield ind2=" " ind1=" " tag="720">
      <subfield code="a">Ballester Devis, Maria</subfield>
      <subfield code="e">author</subfield>
   </datafield>
   <datafield ind2=" " ind1=" " tag="720">
      <subfield code="a">Polo, Javier</subfield>
      <subfield code="e">author</subfield>
   </datafield>
   <datafield ind2=" " ind1=" " tag="720">
      <subfield code="a">Beltrán-Debón, Raúl</subfield>
      <subfield code="e">author</subfield>
   </datafield>
   <datafield ind2=" " ind1=" " tag="720">
      <subfield code="a">Tarradas, Joan</subfield>
      <subfield code="e">author</subfield>
   </datafield>
   <datafield ind2=" " ind1=" " tag="720">
      <subfield code="a">Torrallardona, David</subfield>
      <subfield code="e">author</subfield>
   </datafield>
   <datafield ind2=" " ind1=" " tag="260">
      <subfield code="c">2025-06-10</subfield>
   </datafield>
   <datafield ind2=" " ind1=" " tag="520">
      <subfield code="a">Objective: This study aimed to explore the effects of spray-dried porcine plasma (SDPP)&#xd;
in pre-starter feed of piglets on performance, fecal consistency, gut integrity biomarkers,&#xd;
and gene expression patterns related to intestinal function.&#xd;
Methods: Ninety piglets (18 pens; 5 pigs/pen; 8.16±1.29 kg initial body weight) were offered pre-starter feed with either soy protein concentrate (control) or SDPP for 14 d postweaning, and a common commercial starter feed between 14 and 35 d. Pigs’ performance&#xd;
was recorded at 0, 7, 14 and 35 d of trial and their fecal consistency was assessed on the&#xd;
first 2 weeks. At 7 d, one piglet per pen (18 in total) was sampled for blood, intestinal mucosa, and bile. Blood serum calprotectin and citrulline and bile sIgA were quantified with&#xd;
ELISA, and gene expression in the mucosa from ileum, jejunum, and caecum was analyzed with high-throughput microfluidic technology.&#xd;
Results: Relative to control, SDPP improved feed intake (215 vs 280 g/d; p&lt;0.05), weight&#xd;
gain (133 vs. 205 g/d; p&lt;0.05) and gain-to-feed ratio (0.61 vs. 0.74; p&lt;0.05) between d 0 to&#xd;
7. Serum calprotectin and citrulline, and bile sIgA at d 7 were not affected. Piglets fed&#xd;
SDPP had higher expressions of IL-1β (p = 0.033) in jejunal mucosa, and of IL-1β (p =&#xd;
0.018), IL-8/CXCL8 (p = 0.010), GBP1 (p = 0.014) and TGF-β1 (p = 0.015) in ileal mucosa,&#xd;
at 7 d post-weaning. No effects on fecal scores were observed.&#xd;
Conclusion: It is concluded that the administration of SDPP during the pre-starter phase&#xd;
improves piglet’s performance during the first week post-weaning. These SDPP associated&#xd;
benefits appear to have been achieved through the modulation of gut homeostasis, potentially involving the regulation of inflammatory factors in the small intestinal mucosa.</subfield>
   </datafield>
   <datafield ind1="8" ind2=" " tag="024">
      <subfield code="a">Ng’ang’a, Zacharia Waithaka, Núria Tous, Muzahir Hussain, Maria Ballester, Javier Polo, Raúl Beltrán-Debón, Joan Tarradas, and David Torrallardona. 2025. “Spray-dried Porcine Plasma Improves Piglets’ Performance and Modulates Gut Immune-related Genes in the First Week Post-weaning.” Animal Bioscience, June. doi: 10.5713/ab.25.0185</subfield>
   </datafield>
   <datafield ind1="8" ind2=" " tag="024">
      <subfield code="a">2765-0189</subfield>
   </datafield>
   <datafield ind1="8" ind2=" " tag="024">
      <subfield code="a">http://hdl.handle.net/20.500.12327/4759</subfield>
   </datafield>
   <datafield ind1="8" ind2=" " tag="024">
      <subfield code="a">https://doi.org/10.5713/ab.25.0185</subfield>
   </datafield>
   <datafield ind2="0" ind1="0" tag="245">
      <subfield code="a">Spray-dried porcine plasma improves piglets’ performance and modulates gut immune-related genes in the first week postweaning</subfield>
   </datafield>
</record></metadata></record></GetRecord></OAI-PMH>